La perla / (Registro nro. 9436)

Detalles MARC
000 -LIDER
fixed length control field 00936nam a22003377a 4500
001 - NÚMERO DE CONTROL
Identificador de número de control 12793
003 - IDENTIFICACDOR DE NÚMERO DE CONTROL
control field DO-SdBNP
005 - DATE AND TIME OF LATEST TRANSACTION
control field 20180201113055.0
007 - CAMPOS FIJOS DE DESCRIPCIÓN FÍSICA
fixed length control field 12793
008 - ELEMENTOS DE LONGITUD FIJA
fixed length control field 000512s1985 sp | ||| ||spa
016 7# - NO. DE CONTROL DE LA AGENCIA BIB. NACIONAL
Source BPMSU
020 ## - ISBN
International Standard Book Number 8421741012
040 ## - FUENTE DE CATALOGACIÓN
Agencia que crea de manera original el registro BPMSU
Idioma de catalogación spa
Agencia que realiza la transcripción BPMSU
041 1# - CÓDIGOS DE OBRAS TRADUCIDAS O EN VARIOS IDIOMAS
Código del idioma del texto/archivo de sonido o separata spa
092 ## - LOCALLY ASSIGNED DEWEY DECIMAL CALL NUMBER
Número de clasificación 813.52
Número de ítem (Cutter) S819p
100 1# - ASIENTO PRINCIPAL -- NOMBRE PERSONAL
Nombre personal Steinbeck, John
Fechas asociadas con el nombre 1902-1968
240 14 - TITULO UNIFORME
Título uniforme The pearl
Idioma de una obra Español
245 13 - MENCIÓN DE TITULO
Título La perla /
Mención de responsabilidad John Steinbeck ; traducción Francisco Baldiz
250 ## - MENCIÓN DE EDICION
Materiales especificados 16a. ed.
260 ## - PUBLICACIÓN, DISTRIBUCIÓN, ETC. (PIE DE IMPRENTA)
Lugar de publicación, distribución, etc Barcelona :
Nombre del editor, distribuidor, etc. Caralt,
Fecha de publicación, distribución, etc 1985
300 ## - DESCRIPCIÓN FÍSICA
Extensión 128 p.:
Dimensiones 22 cm.
490 0# - MENCIÓN DE SERIES
Mención de serie Novela
Volume/sequential designation
500 ## - NOTA GENERAL
Materiales especificados Incluye datos biográficos del autor en la contracubierta
650 ## - ENCABEZAMIENTO DE MATERIA--TEMÁTICO
Término temático o nombre geográfico como elemento de entrada NOVELA NORTEAMERICANA
650 ## - ENCABEZAMIENTO DE MATERIA--TEMÁTICO
Término temático o nombre geográfico como elemento de entrada LITERATURA NORTEAMERICANA
700 ## - ASIENTO SECUNDARIO -- NOMBRE PERSONAL
Término de relación Baldiz, Francisco
Nombre personal tr.
830 #0 - ASIENTO SECUNDARIO DE SERIE--TÍTULO UNIFORME
Volume number/sequential designation
Título uniforme Novela
942 ## - ADDED ENTRY ELEMENTS (KOHA)
Source of classification or shelving scheme Dewey Decimal Classification
Koha item type Libros
945 ## - INFORMACIÓN DE PROCESAMIENTO LOCAL
Información de procesamiento local Inventariado, 2018/ YL
956 ## - LOCAL ELECTRONIC LOCATION AND ACCESS (OCLC)
Nombre de host YLOCKWARD
Materiales especificados 20160330
Número de acceso 10
Información de compresión BPMSU
Existencias
Withdrawn status Lost status Source of classification or shelving scheme Damaged status Not for loan Collection code Home library Current library Date acquired Source of acquisition Total Checkouts Barcode Date last seen Price effective from Koha item type
    Dewey Decimal Classification     Colección General Biblioteca Pública Metropolitana Salomé Ureña Biblioteca Pública Metropolitana Salomé Ureña 03/30/2016 FUNDI   BPMSU18020008 03/30/2016 03/30/2016 Libros